Stratégia marketingu vzťahov ako súčasť strategického marketingového plánovania rozvoja územia
Marketing vzťahov v miestnej samospráve. Stratégia marketingu vzťahov v strategickom marketingovom plánovaní rozvoja miestnej samosprávy.
Salvato in:
| Autore principale: | |
|---|---|
| Altri autori: | |
| Natura: | Capitolo di libro |
| Lingua: | slovacco |
| Soggetti: | |
| Tags: |
Nessun Tag, puoi essere il primo ad aggiungerne!!
|
MARC
| LEADER | 00000naa a2200000 4500 | ||
|---|---|---|---|
| 001 | 0135179 | ||
| 005 | 20220714114100.7 | ||
| 041 | 0 | |a slo | |
| 044 | |a SK | ||
| 245 | 1 | 0 | |a Stratégia marketingu vzťahov ako súčasť strategického marketingového plánovania rozvoja územia |c Katarína Petríková, Alica Božíková |
| 520 | |a Marketing vzťahov v miestnej samospráve. Stratégia marketingu vzťahov v strategickom marketingovom plánovaní rozvoja miestnej samosprávy. | ||
| 610 | 2 | 0 | |a marketing |
| 610 | 2 | 0 | |a stratégia marketingová |
| 610 | 2 | 0 | |a plánovanie |
| 610 | 2 | 0 | |a samospráva |
| 100 | 1 | |a Petríková, Katarína | |
| 700 | 1 | |a Božíková, Alica | |